<?xml version="1.0" encoding="UTF-8"?>
<record
    xmlns:xsi="http://www.w3.org/2001/XMLSchema-instance"
    xsi:schemaLocation="http://www.loc.gov/MARC21/slim http://www.loc.gov/standards/marcxml/schema/MARC21slim.xsd"
    xmlns="http://www.loc.gov/MARC21/slim">

  <leader>00713cam a2200217 a 4500</leader>
  <controlfield tag="001">17305045</controlfield>
  <controlfield tag="005">20250311105814.0</controlfield>
  <controlfield tag="008">120518s2013    nyua     b    001 0 eng  </controlfield>
  <datafield tag="020" ind1=" " ind2=" ">
    <subfield code="a">9780415536462 (hbk. : alk. paper)</subfield>
  </datafield>
  <datafield tag="020" ind1=" " ind2=" ">
    <subfield code="a">9780203111482 (ebook)</subfield>
  </datafield>
  <datafield tag="050" ind1="0" ind2="0">
    <subfield code="a">HD70.A34</subfield>
    <subfield code="b">M347 2013</subfield>
  </datafield>
  <datafield tag="082" ind1="0" ind2="0">
    <subfield code="a">658.0096</subfield>
    <subfield code="2">23</subfield>
  </datafield>
  <datafield tag="245" ind1="0" ind2="0">
    <subfield code="a">Management in Africa :</subfield>
    <subfield code="b">macro and micro perspectives /</subfield>
    <subfield code="c">edited by Terri R. Lituchy, Betty Jane Punnett and Bill Buenar Puplampu.</subfield>
  </datafield>
  <datafield tag="260" ind1=" " ind2=" ">
    <subfield code="a">New York :</subfield>
    <subfield code="b">Routledge,</subfield>
    <subfield code="c">2013.</subfield>
  </datafield>
  <datafield tag="300" ind1=" " ind2=" ">
    <subfield code="a">xix,328 p. :</subfield>
    <subfield code="b">ill. ;</subfield>
    <subfield code="c">24 cm.</subfield>
  </datafield>
  <datafield tag="650" ind1=" " ind2="0">
    <subfield code="a">Management</subfield>
    <subfield code="z">Africa.</subfield>
  </datafield>
  <datafield tag="700" ind1="1" ind2=" ">
    <subfield code="a">Lituchy, Terri R.</subfield>
  </datafield>
  <datafield tag="700" ind1="1" ind2=" ">
    <subfield code="a">Punnett, Betty Jane.</subfield>
  </datafield>
  <datafield tag="700" ind1="1" ind2=" ">
    <subfield code="a">Puplampu, Bill B.</subfield>
  </datafield>
  <datafield tag="942" ind1=" " ind2=" ">
    <subfield code="2">lcc</subfield>
    <subfield code="c">BK</subfield>
    <subfield code="n">0</subfield>
  </datafield>
  <datafield tag="999" ind1=" " ind2=" ">
    <subfield code="c">4687</subfield>
    <subfield code="d">4687</subfield>
  </datafield>
  <datafield tag="952" ind1=" " ind2=" ">
    <subfield code="0">0</subfield>
    <subfield code="1">0</subfield>
    <subfield code="2">lcc</subfield>
    <subfield code="4">0</subfield>
    <subfield code="7">0</subfield>
    <subfield code="8">NFIC</subfield>
    <subfield code="a">CUL1</subfield>
    <subfield code="b">CUL1</subfield>
    <subfield code="c">GEN</subfield>
    <subfield code="d">2025-03-11</subfield>
    <subfield code="l">0</subfield>
    <subfield code="o">HD70.A34M347 MAN</subfield>
    <subfield code="p">ulct00001642</subfield>
    <subfield code="r">2025-03-11 11:00:36</subfield>
    <subfield code="t">1</subfield>
    <subfield code="w">2025-03-11</subfield>
    <subfield code="y">BK</subfield>
  </datafield>
  <datafield tag="952" ind1=" " ind2=" ">
    <subfield code="0">0</subfield>
    <subfield code="1">0</subfield>
    <subfield code="2">lcc</subfield>
    <subfield code="4">0</subfield>
    <subfield code="7">0</subfield>
    <subfield code="8">NFIC</subfield>
    <subfield code="a">CUL1</subfield>
    <subfield code="b">CUL1</subfield>
    <subfield code="c">GEN</subfield>
    <subfield code="d">2025-03-17</subfield>
    <subfield code="l">0</subfield>
    <subfield code="o">HD70.A34M347 MAN</subfield>
    <subfield code="p">ulct00001743</subfield>
    <subfield code="r">2025-03-17 16:11:26</subfield>
    <subfield code="t">1</subfield>
    <subfield code="w">2025-03-17</subfield>
    <subfield code="y">BK</subfield>
  </datafield>
  <datafield tag="952" ind1=" " ind2=" ">
    <subfield code="0">0</subfield>
    <subfield code="1">0</subfield>
    <subfield code="2">lcc</subfield>
    <subfield code="4">0</subfield>
    <subfield code="7">0</subfield>
    <subfield code="8">NFIC</subfield>
    <subfield code="a">MBL</subfield>
    <subfield code="b">MBL</subfield>
    <subfield code="c">GEN</subfield>
    <subfield code="d">2025-04-28</subfield>
    <subfield code="l">0</subfield>
    <subfield code="o">HD70 .A34M347 MAN</subfield>
    <subfield code="p">BSSM00002142</subfield>
    <subfield code="r">2025-04-28 18:20:29</subfield>
    <subfield code="t">3</subfield>
    <subfield code="w">2025-04-28</subfield>
    <subfield code="y">BK</subfield>
  </datafield>
  <datafield tag="952" ind1=" " ind2=" ">
    <subfield code="0">0</subfield>
    <subfield code="1">0</subfield>
    <subfield code="2">lcc</subfield>
    <subfield code="4">0</subfield>
    <subfield code="7">0</subfield>
    <subfield code="8">NFIC</subfield>
    <subfield code="a">MBL</subfield>
    <subfield code="b">MBL</subfield>
    <subfield code="c">GEN</subfield>
    <subfield code="d">2025-04-28</subfield>
    <subfield code="l">0</subfield>
    <subfield code="o">HD70 .A34M347 MAN</subfield>
    <subfield code="p">BSSM00002143</subfield>
    <subfield code="r">2025-04-28 18:20:29</subfield>
    <subfield code="t">4</subfield>
    <subfield code="w">2025-04-28</subfield>
    <subfield code="y">BK</subfield>
  </datafield>
  <datafield tag="952" ind1=" " ind2=" ">
    <subfield code="0">0</subfield>
    <subfield code="1">0</subfield>
    <subfield code="2">lcc</subfield>
    <subfield code="4">0</subfield>
    <subfield code="7">0</subfield>
    <subfield code="8">NFIC</subfield>
    <subfield code="a">MBL</subfield>
    <subfield code="b">MBL</subfield>
    <subfield code="c">GEN</subfield>
    <subfield code="d">2025-04-28</subfield>
    <subfield code="l">0</subfield>
    <subfield code="o">HD70 .A34M347 MAN</subfield>
    <subfield code="p">BSSM00002144</subfield>
    <subfield code="r">2025-04-28 18:20:29</subfield>
    <subfield code="t">5</subfield>
    <subfield code="w">2025-04-28</subfield>
    <subfield code="y">BK</subfield>
  </datafield>
  <datafield tag="952" ind1=" " ind2=" ">
    <subfield code="0">0</subfield>
    <subfield code="1">0</subfield>
    <subfield code="2">lcc</subfield>
    <subfield code="4">0</subfield>
    <subfield code="7">0</subfield>
    <subfield code="8">NFIC</subfield>
    <subfield code="a">MBL</subfield>
    <subfield code="b">MBL</subfield>
    <subfield code="c">GEN</subfield>
    <subfield code="d">2025-04-28</subfield>
    <subfield code="l">0</subfield>
    <subfield code="o">HD70 .A34M347 MAN</subfield>
    <subfield code="p">BSSM00002145</subfield>
    <subfield code="r">2025-04-28 18:20:29</subfield>
    <subfield code="t">6</subfield>
    <subfield code="w">2025-04-28</subfield>
    <subfield code="y">BK</subfield>
  </datafield>
</record>
